Central Library OPAC University of Rajshahi

Methanol and other ways around the gas pump / (Record no. 73208)

MARC details
000 -LEADER
fixed length control field 00811nam a2200265 4500
001 - CONTROL NUMBER
control field 73208
003 - CONTROL NUMBER IDENTIFIER
rucl marc code BD-RjUL
005 - DATE AND TIME OF LATEST TRANSACTION
control field 20211209082349.0
008 - FIXED-LENGTH DATA ELEMENTS--GENERAL INFORMATION
fixed length control field 170529s1976 vtua b 001 0 eng d
020 ## - INTERNATIONAL STANDARD BOOK NUMBER
International Standard Book Number 0882660527.
-- 0882660519
035 ## - SYSTEM CONTROL NUMBER
System control number (BD-RjUL)73426
040 ## - CATALOGING SOURCE
Original cataloging agency DLC
Transcribing agency DLC
Modifying agency DLC
-- BD-RjUL
Language of cataloging eng
041 ## - LANGUAGE CODE
Language code of text/sound track or separate title eng
082 00 - DEWEY DECIMAL CLASSIFICATION NUMBER
Classification number 629.253
Edition number 23
Author mark and year LIM 1976
100 1# - MAIN ENTRY--PERSONAL NAME
Personal name Lincoln, John Ware.
9 (RLIN) 216555
245 10 - TITLE STATEMENT
Title Methanol and other ways around the gas pump /
Statement of responsibility, etc. John Ware Lincoln.
260 ## - PUBLICATION, DISTRIBUTION, ETC. (IMPRINT)
Place of publication, distribution, etc. Charlotte, Vt. :
Name of publisher, distributor, etc. Garden Way Pub.,
Date of publication, distribution, etc. c1976.
300 ## - PHYSICAL DESCRIPTION
Pagination 134 p. :
Illustrations ill. ;
Size 23 cm.
504 ## - BIBLIOGRAPHY, ETC. NOTE
Bibliography, etc Includes Bibliography and index.
650 #0 - SUBJECT ADDED ENTRY--TOPICAL TERM
Topical term or geographic name as entry element Alcohol as fuel.
9 (RLIN) 216556
Topical term or geographic name as entry element Methanol as fuel.
9 (RLIN) 216557
Topical term or geographic name as entry element Gas producers.
9 (RLIN) 216558
Topical term or geographic name as entry element Synthetic fuels.
9 (RLIN) 216559
942 ## - ADDED ENTRY ELEMENTS (KOHA)
Source of classification or shelving scheme Dewey Decimal Classification
Koha item type Books
Holdings
Lost status Source of classification or shelving scheme Damaged status Not for loan Collection code Permanent Location Current Location Shelving location Date acquired Source of acquisition Total Checkouts Full call number Date last seen Copy number Koha item type
  Dewey Decimal Classification   Not For Loan Non-fiction Central Library, University of Rajshahi Central Library, University of Rajshahi Reading Room 30/03/1991 Canada Gift   629.253 LIM 1976 29/05/2017 C-1 Books